000 00652nam a2200169Ia 4500
008 150609s9999 xx 000 0 und d
050 _aBF 698
_b.L556 2015
100 _aLemoncito, Derrick Lorenzo F.
245 _aPersonality types and music preferences of selected college students of southville international school and colleges /
_cDerrick Lorenzo F. Lemoncito.
260 _aLas Piñas, Philippines :
_bSISC,
_c2015.
300 _a65 pages :
_billustrations ;
_c28 cm.
500 _aIncludes bibliographical references and appendices.
650 _aMusic
650 _aPersonality
650 _aPreferences (Philosophy)
650 _xPsychology
999 _c285088
_d285088